Consecuencias del ciclo de estrés crediticio: riesgo de insolvencia y auge de crisis empresariales (Registro nro. 21593)

Detalles MARC
000 -LEADER
fixed length control field 00388 a2200109 4500
001 - CONTROL NUMBER
control field ART_59803
005 - DATE AND TIME OF LATEST TRANSACTION
control field 20260410161812.0
008 - FIXED-LENGTH DATA ELEMENTS--GENERAL INFORMATION
fixed length control field 260409a
100 1# - MAIN ENTRY--PERSONAL NAME
Personal name Ferro, Carlos A.
245 10 - TITLE STATEMENT
Title Consecuencias del ciclo de estrés crediticio: riesgo de insolvencia y auge de crisis empresariales
773 0# - HOST ITEM ENTRY
Title Doctrina Societaria y Concursal
Related parts - N° 432 (nov. 2023)
Record control number REV4298

No hay ítems disponibles.